000 01151cad a22002175a 4500
001 L156434
008 120521s2012 xxk 000 0 eng d
035 _a(Sirsi) u156434
041 0 _aeng
100 1 _aCohen, Lewis
110 2 _aBlake-Turner & Co Solicitors
245 0 4 _aThe role and obligations of surveyors in construction projects
_h[electronic resource]
260 _c2012?
520 _aDiscusses the various ways that surveyors' legal obligations and liabilities arise, surveyors' contractual obligations, surveyors' tortious obligations, extending the surveyor's contractual liabilities, surveyors' joint liability, how surveyors can try to limit their liability, the limitations that apply to Surveyors' liability, and express contractual limitations of surveyors' liability. The role of RICS is mentioned.
590 _aKA
651 4 _aUnited Kingdom
_y
690 _aContracts
_96232
690 _aDispute resolution
_96236
856 4 0 _uhttps://www.blaketurner.com/documents/Blake-Turner%20Construction%20Article%20-%20The%20Role%20and%20Obligations%20of%20Surveyors.pdf
_zView this item at www.blaketurner.com
942 _n0
999 _c114254
_d114254